5-Letter Ends in 'Y' Quiz Stats

Quiz Updated Oct 24, 2015

Challenge
Share
Tweet
Embed
Score 0/25 Timer 04:00
1 Play Today
5-Letter Word % Correct
Eempty
97.3%
Bbunny
97.2%
Jjelly
96.2%
Ccrazy
95.1%
Sstudy
91.7%
HHappy
91.2%
Iivory
89.8%
Ppoppy
89.3%
Ttardy
89.1%
Ggravy
88.1%
Qquery
86.3%
Rrugby
84.9%
Nnanny
80.8%
5-Letter Word % Correct
Ddecoy
79.1%
Oovary
77.6%
LLacey
74.2%
Yyucky
74.2%
Aabbey
68.6%
Fforty
66.8%
ZZippy
65.2%
Wweary
63.8%
VVicky
57%
MMolly
51.1%
Uusury
47.3%
KKirby
31.8%

You're not logged in!

Compare scores with friends on all Sporcle quizzes.
Sign Up with Email
OR
Log In

You Might Also Like...

Show Comments

Extras

Top Quizzes Today


Score Distribution

Your Account Isn't Verified!

In order to create a playlist on Sporcle, you need to verify the email address you used during registration. Go to your Sporcle Settings to finish the process.